[Event "IX Festival Magistrale"]
[Site "Amantea ITA"]
[Date "2011.09.08"]
[Round "5"]
[White "Palazzotto, Roberto"]
[Black "Valguarnera, Girolamo"]
[Result "0-1"]
[WhiteElo "1877"]
[BlackElo "2148"]
[PlyCount "126"]
[EventDate "2011.09.04"]

1. d4 Nf6 2. Nc3 d5 3. Bg5 c6 4. e3 Nbd7 5. f4 e6 6. Nf3 Bb4 7. Bxf6 Nxf6 8.
Bd3 c5 9. Bb5+ Bd7 10. Bxd7+ Qxd7 11. O-O Bxc3 12. bxc3 c4 13. Nd2 Qa4 14. Qb1
O-O 15. Qb2 Rab8 16. h3 Rfc8 17. Rfc1 Rc6 18. Qb4 Ra6 19. Qxa4 Rxa4 20. a3 Nd7
21. Rcb1 Kf8 22. Kf1 Nb6 23. Ke1 Ke7 24. Nf3 Ra5 25. Kd2 Kd6 26. Ke2 Na4 27.
Kd2 Ra6 28. Ng1 Kc7 29. Ne2 Rd8 30. Kd1 Ra5 31. Ra2 Rd6 32. Kc1 Rda6 33. Rba1
Kd6 34. Rb1 Nb6 35. Rba1 Ra4 36. Kb2 Na8 37. Kc1 Nc7 38. Kb1 Nb5 39. Kb2 Kc7
40. g4 Kd6 41. h4 R6a5 42. Ng1 Ra6 43. Ne2 Ke7 44. h5 Kd6 45. g5 h6 46. Kc1
Rxa3 47. Rxa3 Rxa3 48. Rxa3 Nxa3 49. Kb2 Nb5 50. Ng1 Ke7 51. Nf3 Nd6 52. Ne5
Nf5 53. Ng4 f6 54. gxf6+ gxf6 55. Ka3 Kf7 56. Kb4 Kg7 57. e4 dxe4 58. Kxc4 a5
59. d5 exd5+ 60. Kxd5 e3 61. Nh2 a4 62. Kc4 Nh4 63. Kd3 a3 0-1

[Event "IX Festival Magistrale"]
[Site "Amantea ITA"]
[Date "2011.09.08"]
[Round "5"]
[White "Rago, Riccardo"]
[Black "Lombardi, Mariano"]
[Result "1-0"]
[WhiteElo "2065"]
[BlackElo "2061"]
[PlyCount "45"]
[EventDate "2011.09.04"]

1. e4 c6 2. d4 d5 3. Nc3 dxe4 4. Nxe4 Nf6 5. Nxf6+ exf6 6. Bc4 Bd6 7. Ne2 Qc7
8. h3 Nd7 9. c3 f5 10. Qc2 O-O 11. Bd3 Nf6 12. Bxf5 Bxf5 13. Qxf5 Rfe8 14. Qf3
Rxe2+ 15. Kxe2 Qa5 16. Rd1 Re8+ 17. Kf1 Qb5+ 18. Qd3 Qh5 19. Bd2 Ng4 20. Re1
Nh2+ 21. Kg1 Rd8 22. Qe2 Qh4 23. Qe4 1-0

[Event "IX Festival Magistrale"]
[Site "Amantea ITA"]
[Date "2011.09.08"]
[Round "5"]
[White "Rizzo, Giovanbattista"]
[Black "Rizzardi, Franco"]
[Result "1-0"]
[WhiteElo "2093"]
[BlackElo "2005"]
[PlyCount "115"]
[EventDate "2011.09.04"]

1. d4 d5 2. Nf3 Nf6 3. c4 c6 4. e3 Bf5 5. Nc3 e6 6. Nh4 Bg4 7. Qb3 Qb6 8. c5
Qxb3 9. axb3 Be7 10. h3 Bh5 11. g4 Ne4 12. Nxe4 dxe4 13. Ng2 Bg6 14. b4 h5 15.
Nf4 hxg4 16. Nxg6 fxg6 17. Bg2 gxh3 18. Rxh3 Rxh3 19. Bxh3 Kf7 20. Bg2 Nd7 21.
Bxe4 Nf6 22. Bd3 Nd5 23. Bd2 Nc7 24. Ke2 g5 25. Bc4 a6 26. e4 Rh8 27. Rg1 Rh4
28. Kf3 Kg6 29. Bd3 Kh5 30. Ke3 Bf6 31. Be2+ Kh6 32. Bg4 Kg6 33. Kd3 Kf7 34.
Kc4 Nb5 35. Be3 Rh8 36. Rg3 Nc7 37. Bf3 Rh2 38. b3 Nb5 39. Bg2 Rh4 40. Kd3 Rh5
41. d5 Nc7 42. d6 Nb5 43. e5 Bxe5 44. Rxg5 Rxg5 45. Bxg5 Bf6 46. f4 Ke8 47. Be4
Kd7 48. Bh7 Ba1 49. f5 e5 50. Bg8 Nd4 51. Ke4 Bc3 52. f6 gxf6 53. Bxf6 Ne6 54.
Bxe5 Bxb4 55. Bxe6+ Kxe6 56. Kd4 Ba3 57. Kc4 Kxe5 58. d7 1-0

[Event "IX Festival Magistrale"]
[Site "Amantea ITA"]
[Date "2011.09.08"]
[Round "5"]
[White "Scerbo, Antonio"]
[Black "Rotelli, Pietro"]
[Result "1-0"]
[WhiteElo "2080"]
[BlackElo "1918"]
[PlyCount "51"]
[EventDate "2011.09.04"]

1. d4 d5 2. Nf3 Nf6 3. c4 c6 4. Nc3 e6 5. Bg5 Nbd7 6. e3 Qa5 7. Nd2 Bb4 8. Qc2
Ne4 9. Ndxe4 dxe4 10. Bh4 Nb6 11. Be2 f5 12. O-O Bxc3 13. bxc3 Qa4 14. Qb3 O-O
15. f3 exf3 16. gxf3 Qxb3 17. axb3 Nd7 18. Bg3 Nf6 19. Bd3 b6 20. e4 Bd7 21.
Ra6 Bc8 22. Ra2 Nh5 23. Bc7 Bb7 24. Rfa1 Rfc8 25. Be5 g6 26. Rxa7 1-0

[Event "IX Festival Magistrale"]
[Site "Amantea ITA"]
[Date "2011.09.08"]
[Round "5"]
[White "Van Eijk, Sander"]
[Black "Milchev, Nikolay"]
[Result "1-0"]
[WhiteElo "2372"]
[BlackElo "2418"]
[PlyCount "151"]
[EventDate "2011.09.04"]

1. e4 Nf6 2. e5 Nd5 3. d4 d6 4. c4 Nb6 5. exd6 exd6 6. Nc3 Be7 7. Bd3 Nc6 8.
Nge2 a5 9. O-O Nb4 10. d5 Nxd3 11. Qxd3 O-O 12. h3 Nd7 13. b3 Nc5 14. Qc2 Bf6
15. Be3 g6 16. Rad1 Bf5 17. Qd2 Re8 18. Ng3 Qd7 19. Bd4 Be5 20. Nb5 Bxd4 21.
Qxd4 Re7 22. Rfe1 Rae8 23. Rxe7 Rxe7 24. f3 b6 25. Qf6 Bc2 26. Rc1 Bd3 27. Nd4
Re8 28. Nc6 b5 29. Qg5 Kf8 30. Nxa5 bxc4 31. Nxc4 Qb5 32. Kh2 Qa6 33. Qd2 f6
34. Qc3 Kf7 35. b4 Bxc4 36. Qxc4 Qxc4 37. Rxc4 Na6 38. a3 Re3 39. Rc6 Rxa3 40.
b5 Nc5 41. Rxc7+ Ke8 42. b6 Rb3 43. Ne4 Nxe4 44. b7 Nc3 45. Rc8+ Kd7 46. b8=Q
Rxb8 47. Rxb8 Nxd5 48. g4 h5 49. gxh5 gxh5 50. Kg3 Ke6 51. Rh8 Ne7 52. Rxh5 d5
53. Kf4 Ng6+ 54. Ke3 Ne5 55. f4 Nc6 56. h4 Ne7 57. Rh7 Nf5+ 58. Kf3 Kd6 59. h5
Ke6 60. Rh8 Kf7 61. Rd8 Ke6 62. Re8+ Kf7 63. Re1 Kg7 64. Rd1 d4 65. Rg1+ Kh6
66. Rg6+ Kxh5 67. Rxf6 Ne3 68. Ke4 Ng4 69. Rf5+ Kh4 70. Kxd4 Kg3 71. Rf8 Kf3
72. Kd5 Ne3+ 73. Ke5 Ng4+ 74. Ke6 Ke4 75. f5 Ne5 76. Ra8 1-0

[Event "IX Festival Magistrale"]
[Site "Amantea ITA"]
[Date "2011.09.08"]
[Round "6"]
[White "Bentivegna, Francesco"]
[Black "Okhotnik, Vladimir"]
[Result "0-1"]
[WhiteElo "2322"]
[BlackElo "2445"]
[PlyCount "51"]
[EventDate "2011.09.04"]

1. e4 e5 2. Nf3 d6 3. d4 exd4 4. Nxd4 Nf6 5. Nc3 Be7 6. g3 Nc6 7. Bg2 O-O 8. h3
Re8 9. O-O Ne5 10. f4 Ng6 11. b3 c6 12. Bb2 Bf8 13. Qd3 Bd7 14. Rad1 Qb6 15.
Kh2 Rad8 16. g4 Qc7 17. Qg3 b5 18. b4 a5 19. a3 axb4 20. axb4 c5 21. bxc5 dxc5
22. Nf5 b4 23. Nd5 Nxd5 24. exd5 Re2 25. d6 Qb8 26. Rf2 {...} 0-1

[Event "IX Festival Magistrale"]
[Site "Amantea ITA"]
[Date "2011.09.08"]
[Round "6"]
[White "Carbone, Stefano"]
[Black "Cordi', Domenico"]
[Result "1/2-1/2"]
[WhiteElo "1933"]
[BlackElo "2053"]
[PlyCount "77"]
[EventDate "2011.09.04"]

1. Nf3 Nf6 2. c4 g6 3. g3 Bg7 4. Bg2 c6 5. d4 d5 6. cxd5 cxd5 7. Ne5 O-O 8. Nc3
Nc6 9. O-O Be6 10. Nxc6 bxc6 11. b3 c5 12. dxc5 Ne4 13. Nxe4 Bxa1 14. Bh6 Bg7
15. Bxg7 Kxg7 16. Ng5 Qd7 17. Nxe6+ fxe6 18. Qd4+ Rf6 19. e4 Rd8 20. Rd1 Qc7
21. exd5 exd5 22. Re1 Kf7 23. b4 e6 24. a4 Rc8 25. Rc1 Rf5 26. f4 Qe7 27. c6
Rc7 28. b5 Qd6 29. Rc3 Ke7 30. Re3 Kf7 31. Rc3 Ke7 32. Re3 Kf7 33. Rb3 Ke7 34.
h3 Rf8 35. Re3 Kf7 36. Bf1 Qe7 37. Rc3 Qf6 38. Qc5 Qe7 39. Qd4 1/2-1/2

[Event "IX Festival Magistrale"]
[Site "Amantea ITA"]
[Date "2011.09.08"]
[Round "6"]
[White "Collutiis, Duilio"]
[Black "Epishin, Vladimir V."]
[Result "0-1"]
[WhiteElo "2474"]
[BlackElo "2544"]
[PlyCount "74"]
[EventDate "2011.09.04"]

1. c4 Nf6 2. g3 c6 3. Bg2 d5 4. Nf3 Nbd7 5. cxd5 cxd5 6. d4 e6 7. O-O Bd6 8.
Qb3 O-O 9. Bd2 Ne4 10. Bb4 a5 11. Bxd6 Nxd6 12. a4 Qb6 13. Qxb6 Nxb6 14. Rc1
Bd7 15. b3 Rfc8 16. Nbd2 Kf8 17. Ne5 Ke7 18. Rc5 f6 19. Nd3 Bc6 20. Rac1 g5 21.
R5c2 h6 22. Nc5 Nd7 23. Nxd7 Bxd7 24. e3 Rc6 25. e4 Rxc2 26. Rxc2 dxe4 27. Nxe4
Rc8 28. Rxc8 Bxc8 29. Nxd6 Kxd6 30. Kf1 e5 31. dxe5+ fxe5 32. Ke2 Be6 33. Bxb7
Bxb3 34. Ke3 Bxa4 35. f4 exf4+ 36. gxf4 gxf4+ 37. Kxf4 Bc6 0-1

[Event "IX Festival Magistrale"]
[Site "Amantea ITA"]
[Date "2011.09.08"]
[Round "6"]
[White "Drasko, Milan"]
[Black "Van Eijk, Sander"]
[Result "1/2-1/2"]
[WhiteElo "2478"]
[BlackElo "2372"]
[PlyCount "31"]
[EventDate "2011.09.04"]

1. Nf3 c5 2. g3 Nc6 3. Bg2 g6 4. O-O Bg7 5. c4 e5 6. Nc3 Nge7 7. a3 d6 8. Rb1
a5 9. d3 O-O 10. Bd2 Rb8 11. Qa4 Be6 12. Rfc1 b6 13. Nb5 d5 14. cxd5 Nxd5 15.
Ng5 Bc8 16. Nc3 1/2-1/2

[Event "IX Festival Magistrale"]
[Site "Amantea ITA"]
[Date "2011.09.08"]
[Round "6"]
[White "Forlano, Luigi"]
[Black "Scerbo, Antonio"]
[Result "1-0"]
[WhiteElo "1976"]
[BlackElo "2080"]
[PlyCount "68"]
[EventDate "2011.09.04"]

1. e4 c5 2. Nc3 Nc6 3. f4 d6 4. Nf3 g6 5. Bb5 Bd7 6. O-O Bg7 7. d3 e6 8. f5 Nf6
9. fxe6 fxe6 10. Qe1 O-O 11. Bxc6 Bxc6 12. Qh4 Nh5 13. Bg5 Qd7 14. g4 Nf4 15.
Bh6 Rae8 16. Ng5 Bxh6 17. Qxh6 e5 18. Kh1 b5 19. Rae1 Qg7 20. Qxg7+ Kxg7 21.
Ne2 h6 22. Nxf4 Rxf4 23. Rxf4 exf4 24. Nh3 g5 25. Kg1 b4 26. Kf2 Kf6 27. c4
bxc3 28. bxc3 c4 29. Ke2 d5 30. dxc4 dxe4 31. Rd1 Ke5 32. Nf2 Rb8 33. Rd2 Rb1
34. Nd1 e3 1-0

[Event "IX Festival Magistrale"]
[Site "Amantea ITA"]
[Date "2011.09.08"]
[Round "6"]
[White "Janev, Evgeni"]
[Black "Rizzo, Giovanbattista"]
[Result "1-0"]
[WhiteElo "2511"]
[BlackElo "2093"]
[PlyCount "63"]
[EventDate "2011.09.04"]

1. e4 c5 2. Nf3 e6 3. c3 Nf6 4. e5 Nd5 5. d4 cxd4 6. cxd4 d6 7. a3 Bd7 8. Bd3
Bc6 9. O-O Nd7 10. b4 a6 11. Re1 Rc8 12. Bg5 Be7 13. Bxe7 Qxe7 14. Nbd2 dxe5
15. dxe5 O-O 16. Rc1 Nf4 17. Be4 Bxe4 18. Rxc8 Rxc8 19. Nxe4 Rd8 20. Qc2 Ng6
21. Qc3 h6 22. g3 Nb6 23. h4 Qd7 24. Qc5 Na4 25. Qc1 Rc8 26. Qe3 Nb2 27. Qxh6
Qb5 28. Qh5 Rc2 29. Nfg5 Qxe5 30. Qh7+ Kf8 31. Nxf7 Kxf7 32. Ng5+ 1-0

[Event "IX Festival Magistrale"]
[Site "Amantea ITA"]
[Date "2011.09.08"]
[Round "6"]
[White "Lombardi, Mariano"]
[Black "Roos, David"]
[Result "0-1"]
[WhiteElo "2061"]
[BlackElo "2011"]
[PlyCount "92"]
[EventDate "2011.09.04"]

1. e4 c5 2. Nf3 d6 3. d4 cxd4 4. Nxd4 Nf6 5. Nc3 a6 6. Be2 e5 7. Nb3 Be7 8. Be3
Be6 9. O-O O-O 10. f4 exf4 11. Bxf4 Nc6 12. Kh1 Rc8 13. Nd4 Nxd4 14. Qxd4 Qc7
15. Rad1 Rfd8 16. Rd2 Qa5 17. Rfd1 b5 18. a3 d5 19. exd5 Nxd5 20. Nxd5 Rxd5 21.
Qa7 Rxd2 22. Bxd2 Qc7 23. Qxc7 Rxc7 24. Bc3 h6 25. Bd3 Rc8 26. Be4 Rc4 27. Bf3
Bxa3 28. Rd8+ Bf8 29. Bb7 f5 30. h3 Kf7 31. Bxa6 Be7 32. Rd1 Rc5 33. Re1 Bh4
34. Re2 Bg3 35. Bd4 Rc4 36. c3 Ra4 37. Bxb5 Ra1+ 38. Bg1 f4 39. Bc6 g5 40. Bf3
Bc4 41. Rd2 Bb3 42. Be4 Be1 43. Re2 Bc4 44. Rc2 h5 45. g4 fxg3 46. b4 Bf2 0-1

[Event "IX Festival Magistrale"]
[Site "Amantea ITA"]
[Date "2011.09.08"]
[Round "6"]
[White "Marholev, Dimitar"]
[Black "Dvirnyy, Danyyil"]
[Result "0-1"]
[WhiteElo "2355"]
[BlackElo "2457"]
[PlyCount "76"]
[EventDate "2011.09.04"]

1. Nf3 Nf6 2. c4 c6 3. d4 d5 4. cxd5 cxd5 5. Nc3 Nc6 6. Bf4 a6 7. Rc1 Nh5 8.
Be5 e6 9. e3 Be7 10. Bd3 Nf6 11. O-O O-O 12. Ng5 g6 13. f4 Nd7 14. Nxh7 Ndxe5
15. fxe5 Kxh7 16. Qg4 Kg7 17. Rf3 Bd7 18. Rxf7+ Rxf7 19. Bxg6 Qh8 20. Bxf7+
Kxf7 21. Nxd5 Rg8 22. Qf3+ Ke8 23. Nf4 Bg5 24. Qe4 Bxf4 25. exf4 Nd8 26. d5
exd5 27. Qb4 Qh3 28. g3 Rxg3+ 29. hxg3 Qxg3+ 30. Kh1 Bf5 31. Re1 Be4+ 32. Rxe4
Qf3+ 33. Kg1 dxe4 34. Qa4+ Nc6 35. Qb3 Qxb3 36. axb3 e3 37. Kg2 Nd4 38. b4 Ke7
0-1

[Event "IX Festival Magistrale"]
[Site "Amantea ITA"]
[Date "2011.09.08"]
[Round "6"]
[White "Milchev, Nikolay"]
[Black "Rago, Riccardo"]
[Result "1/2-1/2"]
[WhiteElo "2418"]
[BlackElo "2065"]
[PlyCount "70"]
[EventDate "2011.09.04"]

1. c4 e6 2. e4 c5 3. Nf3 Nc6 4. Nc3 d6 5. d4 cxd4 6. Nxd4 Nf6 7. Be2 Be7 8. Be3
a6 9. O-O Qc7 10. Rc1 O-O 11. f3 Bd7 12. Qd2 Rac8 13. Nxc6 Qxc6 14. Nb5 Nxe4
15. fxe4 axb5 16. Bd3 Qa6 17. e5 bxc4 18. Bb1 f5 19. exf6 Bxf6 20. Qc2 g6 21.
Rf4 e5 22. Rxc4 Bf5 23. Qb3 Rxc4 24. Rxc4 Be6 25. Bd3 b5 26. Ra4 Qxa4 27. Qxe6+
Kh8 28. b3 Qxa2 29. g3 Bg5 30. Bb6 Qa1+ 31. Kg2 Qd1 32. Qxd6 Qf3+ 33. Kh3 Qh5+
34. Kg2 Qf3+ 35. Kh3 Qh5+ 1/2-1/2

[Event "IX Festival Magistrale"]
[Site "Amantea ITA"]
[Date "2011.09.08"]
[Round "6"]
[White "Mirzoev, Azer"]
[Black "Levin, Felix"]
[Result "0-1"]
[WhiteElo "2468"]
[BlackElo "2482"]
[PlyCount "104"]
[EventDate "2011.09.04"]

1. d4 Nf6 2. c4 e6 3. Nf3 d5 4. Nc3 dxc4 5. e3 a6 6. a4 Bb4 7. Bxc4 b6 8. O-O
Bb7 9. Qe2 c5 10. Rd1 Qc7 11. h3 O-O 12. Bd3 Nbd7 13. Bd2 Rfe8 14. dxc5 Nxc5
15. Bc2 Qe7 16. Nd4 Rac8 17. Be1 Ncd7 18. Rac1 g6 19. Bb1 e5 20. Nf3 e4 21. Nd2
Bxc3 22. Rxc3 Rxc3 23. bxc3 Nc5 24. Bc2 Qe6 25. c4 Nfd7 26. Nb1 Ne5 27. a5 bxa5
28. Bxa5 Nxc4 29. Bc3 Ne5 30. Bd4 Rc8 31. Nc3 Ned3 32. Qg4 Nb4 33. Bb1 Qxg4 34.
hxg4 Ncd3 35. g5 Kf8 36. Ne2 Bd5 37. Nf4 Bb3 38. Rf1 a5 39. g4 a4 40. Kg2 a3
41. Rh1 a2 42. Bxa2 Nxf4+ 43. exf4 Bxa2 44. Rxh7 Ke7 45. f5 Nd3 46. Be3 Rg8 47.
Kg3 Kd6 48. fxg6 fxg6 49. f3 exf3 50. Kxf3 Bd5+ 51. Ke2 Ne5 52. Bf4 Ke6 0-1

[Event "IX Festival Magistrale"]
[Site "Amantea ITA"]
[Date "2011.09.08"]
[Round "6"]
[White "Rizzardi, Franco"]
[Black "Carlomagno, Vincenzo"]
[Result "1-0"]
[WhiteElo "2005"]
[BlackElo "1913"]
[PlyCount "123"]
[EventDate "2011.09.04"]

1. e4 c5 2. Nf3 d6 3. d4 cxd4 4. Nxd4 Nf6 5. Nc3 a6 6. Bc4 e6 7. Bb3 b5 8. O-O
Be7 9. Re1 Bb7 10. a3 O-O 11. Qf3 Nbd7 12. Qg3 Nc5 13. Bh6 Ne8 14. Ba2 Kh8 15.
Bd2 Nf6 16. Qf3 Rc8 17. Rad1 Qe8 18. b4 Ncxe4 19. Nxe4 Nxe4 20. Rxe4 f5 21.
Nxe6 fxe4 22. Qg3 Rg8 23. Nd4 Qh5 24. Re1 d5 25. Bb3 Bf6 26. c3 Be5 27. f4 Bd6
28. Ne6 Rce8 29. Bd1 Qg6 30. Ng5 Rgf8 31. Qh4 Qh6 32. Qg4 Bc8 33. Qg3 Kg8 34.
Bb3 Be6 35. Be3 Qg6 36. Rd1 Kh8 37. Nxe6 Qxg3 38. hxg3 Rxe6 39. Bxd5 Re7 40. c4
g5 41. Bd4+ Rg7 42. Bxe4 Be7 43. cxb5 Bf6 44. Bxf6 Rxf6 45. bxa6 Rxa6 46. fxg5
Rxg5 47. Rd3 Re5 48. Bf3 Re1+ 49. Kf2 Ra1 50. b5 R6xa3 51. Ke3 Rxd3+ 52. Kxd3
Rb1 53. Kc4 Kg7 54. Kc5 Rc1+ 55. Kd6 Rb1 56. Bc6 Kf6 57. Kc7 Kg5 58. Bd7 Rxb5
59. Bxb5 Kg4 60. Bd7+ Kxg3 61. Bh3 Kf4 62. Kd6 1-0

[Event "IX Festival Magistrale"]
[Site "Amantea ITA"]
[Date "2011.09.08"]
[Round "6"]
[White "Rombaldoni, Axel"]
[Black "Gromovs, Sergejs"]
[Result "0-1"]
[WhiteElo "2487"]
[BlackElo "2297"]
[PlyCount "94"]
[EventDate "2011.09.04"]

1. e4 c5 2. Nf3 d6 3. d4 cxd4 4. Nxd4 Nf6 5. Nc3 a6 6. Be3 e5 7. Nb3 Be6 8. Nd5
Nbd7 9. f3 Be7 10. Qd2 O-O 11. Na5 Bxd5 12. exd5 Qc7 13. Be2 Bd8 14. b4 Rc8 15.
c4 e4 16. f4 Qb8 17. Nb3 Bb6 18. Nd4 Bxd4 19. Qxd4 b5 20. g4 bxc4 21. g5 Ne8
22. Bg4 f5 23. gxf6 Nexf6 24. Be6+ Kh8 25. Qc3 Rc7 26. Rg1 Nb6 27. Bd4 Na4 28.
Qa3 Qb5 29. Rc1 c3 30. Bxc3 Qd3 31. Rg3 e3 32. Qxa4 Rxc3 33. Qd1 Qe4 34. Rxc3
Qh1+ 35. Ke2 Qxh2+ 36. Kxe3 Qxg3+ 37. Qf3 Qe1+ 38. Kd3 Qb1+ 39. Rc2 Qxb4 40.
Ke2 Qa4 41. Rb2 Qc4+ 42. Kd1 Ne4 43. f5 Nc3+ 44. Kd2 Ne4+ 45. Kd1 Qd4+ 46. Kc1
Nc5 47. Kb1 Nd3 0-1

[Event "IX Festival Magistrale"]
[Site "Amantea ITA"]
[Date "2011.09.08"]
[Round "6"]
[White "Schaefer, Heiko"]
[Black "Sarro, Emilio"]
[Result "1/2-1/2"]
[WhiteElo "2083"]
[BlackElo "1979"]
[PlyCount "67"]
[EventDate "2011.09.04"]

1. d4 Nf6 2. Nf3 g6 3. Nc3 Bg7 4. e4 d6 5. Be3 O-O 6. Qd2 Nbd7 7. O-O-O b6 8.
Bh6 Bb7 9. Bxg7 Kxg7 10. Bd3 e5 11. h4 h5 12. d5 Nc5 13. Nh2 Bc8 14. f3 Nxd3+
15. cxd3 Bd7 16. Rdg1 c6 17. g4 cxd5 18. Nxd5 Nxd5 19. exd5 Rh8 20. g5 Rc8+ 21.
Kb1 Rc5 22. Nf1 Rxd5 23. Ne3 Rd4 24. Rc1 Bb5 25. Rc3 Qd7 26. Nc2 Rf4 27. d4 Qf5
28. dxe5 dxe5 29. Qd5 Be2 30. Re1 Rd4 31. Qb7 Rhd8 32. b3 R4d7 33. Qc6 Rd1+ 34.
Rxd1 1/2-1/2

[Event "IX Festival Magistrale"]
[Site "Amantea ITA"]
[Date "2011.09.08"]
[Round "6"]
[White "Van Melkebeke, Willem"]
[Black "Hajenius, Willem"]
[Result "0-1"]
[WhiteElo "1926"]
[BlackElo "2002"]
[PlyCount "52"]
[EventDate "2011.09.04"]

1. e4 c5 2. Nf3 e6 3. d4 cxd4 4. Nxd4 Nf6 5. Nc3 Nc6 6. Nxc6 bxc6 7. e5 Nd5 8.
Ne4 Bb7 9. Be2 c5 10. Nd6+ Bxd6 11. exd6 Qf6 12. O-O Rb8 13. c4 Nb6 14. Qd3 O-O
15. Rb1 Na4 16. Bd1 Bc6 17. Bxa4 Bxa4 18. b3 Bc6 19. Bb2 Qg5 20. f3 e5 21. Bc1
Qh4 22. Qc3 e4 23. f4 Rfe8 24. f5 e3 25. Bb2 Qg4 26. g3 f6 0-1

[Event "IX Festival Magistrale"]
[Site "Amantea ITA"]
[Date "2011.09.09"]
[Round "7"]
[White "Carlomagno, Vincenzo"]
[Black "Rombaldoni, Axel"]
[Result "0-1"]
[WhiteElo "1913"]
[BlackElo "2487"]
[PlyCount "64"]
[EventDate "2011.09.04"]

1. Nf3 c5 2. g3 Nc6 3. Bg2 e5 4. d3 g6 5. O-O Bg7 6. c4 Nge7 7. Nc3 O-O 8. Rb1
d6 9. a3 a5 10. Ne1 Be6 11. Nc2 d5 12. cxd5 Nxd5 13. Nxd5 Bxd5 14. Bxd5 Qxd5
15. Ne3 Qe6 16. Bd2 f5 17. Rc1 f4 18. Ng2 Nd4 19. f3 b6 20. Bc3 Nb3 21. Rb1 a4
22. g4 Rad8 23. Qe1 h5 24. h3 g5 25. Rd1 Rd6 26. Qf2 Qd7 27. Ne1 Rh6 28. Qg2
Nd4 29. Qf2 hxg4 30. hxg4 Bf6 31. Qg2 Qh7 32. Bxd4 exd4 0-1

[Event "IX Festival Magistrale"]
[Site "Amantea ITA"]
[Date "2011.09.09"]
[Round "7"]
[White "Epishin, Vladimir V."]
[Black "Levin, Felix"]
[Result "1-0"]
[WhiteElo "2544"]
[BlackElo "2482"]
[PlyCount "73"]
[EventDate "2011.09.04"]

1. d4 Nf6 2. Nf3 d5 3. g3 Bf5 4. Bg2 c6 5. O-O h6 6. b3 e6 7. Bb2 Bd6 8. Nbd2
O-O 9. Re1 Nbd7 10. Ne5 Bh7 11. e4 Nxe4 12. Nxe4 dxe4 13. Bxe4 Bxe4 14. Rxe4
Nf6 15. Re3 Qc7 16. Qf3 Rad8 17. c4 Rfe8 18. Rae1 Rf8 19. R1e2 Qa5 20. a4 Nd7
21. Nd3 Qg5 22. h4 Qg6 23. d5 exd5 24. cxd5 cxd5 25. Qxd5 b6 26. Qf3 Nc5 27. h5
Qh7 28. Nxc5 Bxc5 29. Re4 Rd5 30. b4 Bd6 31. Rg4 Rg5 32. Rxg5 hxg5 33. Qg4 Qd3
34. Qxg5 f6 35. Qg4 Bxb4 36. h6 g6 37. Re4 1-0

[Event "IX Festival Magistrale"]
[Site "Amantea ITA"]
[Date "2011.09.09"]
[Round "7"]
[White "Gromovs, Sergejs"]
[Black "Mirzoev, Azer"]
[Result "0-1"]
[WhiteElo "2297"]
[BlackElo "2468"]
[PlyCount "141"]
[EventDate "2011.09.04"]

1. d4 d5 2. c4 dxc4 3. Nf3 Nf6 4. e3 a6 5. Bxc4 e6 6. O-O c5 7. Nc3 b5 8. Bd3
Bb7 9. Qe2 Nbd7 10. Rd1 Qb8 11. e4 cxd4 12. Nxd4 Bd6 13. h3 O-O 14. Bc2 Rd8 15.
a3 Ne5 16. Bg5 Ng6 17. Nb3 Bh2+ 18. Kh1 Be5 19. Na5 Qc7 20. Nxb7 Qxb7 21. Qe3
Qc7 22. g3 h6 23. Bxf6 Bxf6 24. f4 Bxc3 25. bxc3 Rac8 26. Rxd8+ Rxd8 27. Bb3
Rc8 28. Rc1 Qe7 29. Ra1 Qc5 30. Qxc5 Rxc5 31. Rc1 Ne7 32. Kg2 Nc6 33. Kf2 Na5
34. Ba2 Nc4 35. Bxc4 Rxc4 36. Ke3 Ra4 37. Ra1 h5 38. Kd3 Kf8 39. g4 h4 40. Ra2
f6 41. Ra1 Ke7 42. Ra2 Kd6 43. Ke3 g6 44. Ra1 Ke7 45. Ra2 f5 46. exf5 exf5 47.
Ra1 Ke6 48. Ra2 Kf6 49. g5+ Ke6 50. Ra1 Rc4 51. Rc1 Kd6 52. Rc2 Kc5 53. Rc1 a5
54. Rc2 Ra4 55. Ra2 Kc4 56. Ra1 Kxc3 57. Rc1+ Kb2 58. Rc6 Rxa3+ 59. Kd4 Rxh3
60. Rxg6 b4 61. Ra6 Rg3 62. Rxa5 h3 63. Ra8 b3 64. Ke5 Kc2 65. Rc8+ Rc3 66.
Rxc3+ Kxc3 67. g6 h2 68. g7 h1=Q 69. g8=Q Qe4+ 70. Kf6 b2 71. Qg3+ 0-1

[Event "IX Festival Magistrale"]
[Site "Amantea ITA"]
[Date "2011.09.09"]
[Round "7"]
[White "Hajenius, Willem"]
[Black "Valguarnera, Girolamo"]
[Result "1-0"]
[WhiteElo "2002"]
[BlackElo "2148"]
[PlyCount "61"]
[EventDate "2011.09.04"]

1. d4 Nf6 2. c4 c5 3. d5 e6 4. Nc3 exd5 5. cxd5 d6 6. e4 g6 7. f4 Bg7 8. Nf3
O-O 9. Be2 Re8 10. e5 Nfd7 11. e6 fxe6 12. O-O e5 13. Ng5 Nf8 14. fxe5 Bxe5 15.
Bd3 h6 16. Nf7 Qh4 17. Nxe5 Rxe5 18. Bf4 Bg4 19. Qd2 Re8 20. Bxd6 Bh5 21. Ne4
Nbd7 22. Rf4 Qd8 23. Raf1 g5 24. Nf6+ Nxf6 25. Rxf6 Nd7 26. Rxh6 c4 27. Rxh5
cxd3 28. Rxg5+ Kh8 29. Qc3+ Nf6 30. Rxf6 Kh7 31. Qxd3+ 1-0

[Event "IX Festival Magistrale"]
[Site "Amantea ITA"]
[Date "2011.09.09"]
[Round "7"]
[White "Mladenov, Plamen"]
[Black "Marholev, Dimitar"]
[Result "1/2-1/2"]
[WhiteElo "2371"]
[BlackElo "2355"]
[PlyCount "28"]
[EventDate "2011.09.04"]

1. c3 e5 2. d4 d6 3. e4 Nf6 4. dxe5 dxe5 5. Qxd8+ Kxd8 6. f3 Be6 7. Nd2 Nfd7 8.
Bc4 Bxc4 9. Nxc4 Nc6 10. Be3 b5 11. Nd2 Bc5 12. Ke2 Bxe3 13. Kxe3 Nc5 14. Ne2
Ke7 1/2-1/2

[Event "IX Festival Magistrale"]
[Site "Amantea ITA"]
[Date "2011.09.09"]
[Round "7"]
[White "Palazzotto, Roberto"]
[Black "Rizzardi, Franco"]
[Result "0-1"]
[WhiteElo "1877"]
[BlackElo "2005"]
[PlyCount "62"]
[EventDate "2011.09.04"]

1. d4 d5 2. Nc3 Nf6 3. Bg5 c6 4. f3 Bf5 5. Bxf6 exf6 6. e4 dxe4 7. fxe4 Bg6 8.
Nf3 Bb4 9. Bd3 O-O 10. O-O Nd7 11. Nh4 Re8 12. Nxg6 fxg6 13. Ne2 Bd6 14. c3 Qc7
15. g3 Nf8 16. Nf4 Qd7 17. Qf3 Rad8 18. Rae1 Kh8 19. b4 Bc7 20. a4 Ne6 21. Qe3
Ng5 22. Qf2 Bxf4 23. Qg2 Bc7 24. h4 Nf7 25. b5 Bb6 26. Kh1 Ba5 27. Qc2 Qg4 28.
Kh2 Bc7 29. Re3 Qxh4+ 30. Kg2 Qg5 31. Qf2 Nh6 0-1

[Event "IX Festival Magistrale"]
[Site "Amantea ITA"]
[Date "2011.09.09"]
[Round "7"]
[White "Rago, Riccardo"]
[Black "Bentivegna, Francesco"]
[Result "1-0"]
[WhiteElo "2065"]
[BlackElo "2322"]
[PlyCount "83"]
[EventDate "2011.09.04"]

1. e4 e6 2. d4 d5 3. Nd2 h6 4. Ngf3 Nf6 5. e5 Nfd7 6. Bd3 c5 7. c3 Nc6 8. O-O
g5 9. dxc5 Bxc5 10. Nb3 Bb6 11. Re1 g4 12. Nfd4 Ncxe5 13. Bb5 Qf6 14. Qe2 Bc7
15. Nc5 a6 16. Bxd7+ Bxd7 17. Nxb7 Rg8 18. Kh1 Nf3 19. gxf3 Bxh2 20. fxg4 Bc7
21. g5 hxg5 22. Kg2 Rh8 23. Rg1 e5 24. Kf1 g4 25. Nc5 Bc8 26. b4 Kf8 27. Ndb3
Rh2 28. Be3 Bf5 29. Ke1 g3 30. Rxg3 e4 31. Bd4 Qh4 32. Rg1 Bf4 33. Be3 Be5 34.
Nd4 Bc8 35. a4 a5 36. b5 Bg4 37. Rxg4 Qh5 38. Rg1 Rc8 39. Ncb3 Rxc3 40. Rc1
Bxd4 41. Nxd4 Rd3 42. b6 1-0

[Event "IX Festival Magistrale"]
[Site "Amantea ITA"]
[Date "2011.09.09"]
[Round "7"]
[White "Rizzo, Giovanbattista"]
[Black "Milchev, Nikolay"]
[Result "0-1"]
[WhiteElo "2093"]
[BlackElo "2418"]
[PlyCount "66"]
[EventDate "2011.09.04"]

1. d4 Nf6 2. c4 c5 3. d5 e6 4. Nc3 exd5 5. cxd5 Bd6 6. Nf3 O-O 7. e4 Re8 8. Bd3
Bc7 9. O-O d6 10. h3 a6 11. a4 Nbd7 12. Re1 Nf8 13. Bf4 Ng6 14. Bh2 Rb8 15. Nd2
Nd7 16. Nc4 Nde5 17. Na3 Qf6 18. Bxe5 Rxe5 19. Nc4 Rg5 20. e5 Rxg2+ 21. Kxg2
Nf4+ 22. Kh2 Qh6 23. Qf3 Bxh3 24. Kg1 Bg2 25. Qxg2 Nxg2 26. Kxg2 dxe5 27. Rad1
Rd8 28. Ne4 Rxd5 29. Ne3 Qg6+ 30. Ng3 Rxd3 31. Nef5 Qc6+ 32. Kf1 Qd7 33. Ke2 c4
0-1

[Event "IX Festival Magistrale"]
[Site "Amantea ITA"]
[Date "2011.09.09"]
[Round "7"]
[White "Roos, David"]
[Black "Carbone, Stefano"]
[Result "1-0"]
[WhiteElo "2011"]
[BlackElo "1933"]
[PlyCount "41"]
[EventDate "2011.09.04"]

1. d4 d5 2. Bf4 Nf6 3. Nf3 g6 4. c4 c6 5. Nc3 Bg7 6. Qb3 dxc4 7. Qxc4 O-O 8. e4
Bg4 9. Be2 Nbd7 10. Rd1 Qc8 11. O-O Nb6 12. Qb4 Re8 13. a4 Bf8 14. Qb3 Nh5 15.
Be3 Nd7 16. Rc1 Qb8 17. Ng5 Be6 18. Nxe6 fxe6 19. Qxe6+ Kh8 20. Bxh5 gxh5 21.
Qxd7 1-0